000 00554nam a2200217 a 4500
001 0001-2053
003 ELIB.Books
008 190716 2010 eng
020 _aKBTS
092 _a220
_bSan
100 _aSandison, George H.
245 _a1000 Difficult Bible Questions Answered
260 _aGrand Rapids
_bBaker Book House
_c1976
300 _a555
_c18 Cm
650 _aBible
856 _nKBTS Library
_uKBTS Elib
942 _2ddc
_cBK
990 _a1
998 _aEnglishbooks.elf
_ccat
_e2019-07-16
999 _c12053
_d12053